01692cam a22004217a 4500003000500000005001700005008004100022010001000063011001000073020001500083035001000098040000900108082001700117100005100134245008300185260007600268300004900344410004900393490005500442590004100497590004100538590004100579590004100620590004100661590004100702590004200743650005100785650002300836650003200859810005600891830006200947901000701009905002301016942001001039949006701049999001701116952013701133CHAP20220329141921.0980603d1995 mx ab r 00110 spa d a75696 a76668 a9682956102 a86254 cCHAP04a306.362bM3700aMartínez Montiel, Luz Maríaecoord.97230010aPresencia africana en Sudaméricac/coord. por Luz María Martínez Montiel aMéxico, D. F. :bConsejo Nacional para la Cultura y las Artes,c1995. a654 p. :bilus. ; cuadros ; gráfs. ; mapas21aConsejo Nacional para la Cultura y las Artes 0aClaves de América Latina. Nuestra tercera raíz aBATCH-UPDb10c20130110lUCH01h0242 aBATCH-UPDb10c20130110lUCH01h2355 aBATCH-UPDb10c20130409lUCH01h2311 aBATCH-UPDb10c20130410lUCH01h1642 aBATCH-UPDb10c20130914lUCH01h0320 aBATCH-UPDb10c20130914lUCH01h2148 aCONVERSIONb10c20130109lUCH01h134114aAmérica del surxCondiciones sociales.9538114aEsclavitud.93748214aNegros en América.98072600aConsejo Nacional para la Cultura y las Artes92732700aClaves de América Latina. Nuestra tercera raíz923717 aBK aLilia Sánchez G. cLIBRO a306.362 M37bBCcLIBROd33724000691291eLIBROh93277i86254sb c75696d75696 00102ddc4052708GRALaBCbBCcPA_GRALd2019-12-31fLIBROl0o306.362 M37p33724000691291r2019-12-31 00:00:00w2019-12-31yLIBRO